000 00546cam a22002291 4500
001 sa 64008817
003 DLC
005 20260227112056.0
008 950622s1959 pk 000 1 urdo
010 _asa 64008817
035 _a(OCoLC)32693272
040 _aDLC
_cCU
_dCU
_dDLC
042 _apremarc
050 0 0 _aPK2200.A7
_bJ3
100 1 _aAslam, Muhammad,
_d1885-
245 1 0 _aJashn-i carāg̲h̲ān̲.
260 _c[1959]
300 _a551 p.
500 _aIn Urdu.
500 _aText partially vocalized.
500 _aA novel.
999 _c61060
_d61060